| 000 | 00687nam a2200229 i 4500 | ||
|---|---|---|---|
| 001 | C2-0066589 | ||
| 003 | PPAK | ||
| 005 | 20190630222116.0 | ||
| 008 | 970308s xx |||| ||||| | may d | ||
| 040 |
_aPPAK _beng _cPPAK _erda |
||
| 082 | 0 | 4 |
_a910.595 _223 |
| 090 | 0 | 0 |
_a910.595 _bARE _dKIH |
| 100 | 0 |
_aArena Wati, _eauthor |
|
| 245 | 1 | 0 | _aPertembungan dua nilai |
| 264 | 1 |
_a[place of publication not identified] : _b[publisher not identified] , _c[date of publication not identified] |
|
| 300 |
_a65 pages ; _c[26 cm] |
||
| 336 |
_2rdacontent _atext |
||
| 337 |
_2rdamedia _aunmediated |
||
| 338 |
_2rdacarrier _avolume |
||
| 650 | 1 | 0 | _aDescription and travel - Sabah |
| 942 |
_ddc _cB |
||
| 999 |
_c7405 _d7405 |
||